Príprava manažéra pre realitné poradenstvo v projekte Socrates EREC

Snaha o prispôsobenie výučby požiadavkám praxe viedla k vypracovaniu európskeho projektu Socrates EREC. Zameranie projektu. Požiadavky na administratívne priestory z pohľadu strategického riadenia nehnuteľností. Premietnutie nových požiadaviek praxe do pedagogického procesu. Tri etapy projektu.

Na minha lista:
Detalhes bibliográficos
Autor principal: Ivanička, Koloman
Outros Autores: Kašjaková, Oľga
Formato: Capítulo de Livro
Idioma:eslovaco
Assuntos:
Tags: Adicionar Tag
Sem tags, seja o primeiro a adicionar uma tag!

MARC

LEADER 00000naa$a2200000$$$4500
001 0045090
005 20221207085008.9
041 0 |a slo 
044 |a SK 
245 1 0 |a Príprava manažéra pre realitné poradenstvo v projekte Socrates EREC  |c Koloman Ivanička, Oľga Kašjaková 
520 |a Snaha o prispôsobenie výučby požiadavkám praxe viedla k vypracovaniu európskeho projektu Socrates EREC. Zameranie projektu. Požiadavky na administratívne priestory z pohľadu strategického riadenia nehnuteľností. Premietnutie nových požiadaviek praxe do pedagogického procesu. Tri etapy projektu. 
610 2 0 |a poradenstvo 
610 2 0 |a nehnuteľnosti 
610 2 0 |a riadenie 
610 2 0 |a manažéri 
610 2 0 |a vzdelávanie 
610 2 0 |a projekty 
610 2 0 |a priestory nebytové 
610 2 0 |a administratíva 
100 1 |a Ivanička, Koloman 
700 1 |a Kašjaková, Oľga